000 01553cam a2200133 4500500
005 20251214003832.0
041 _afre
042 _adc
100 1 0 _aBoulanger, Philippe
_eauthor
245 0 0 _aUkraine : Géostratégie d'une guerre moderne
260 _bArmand Colin,
_c2025.
520 _aComment appréhender le conflit en Ukraine sous un nouvel angle ?Depuis le 24 février 2022, la guerre en Ukraine a mis en lumière l’importance cruciale de maitriser les espaces physiques — terre, mer, air. Les Ukrainiens, résolus à défendre leur territoire, se concentrent sur la reconquête du Donbass, tandis que les Russes cherchent à contrôler ces régions stratégiques pour imposer leur domination et renverser le régime de Kiev. Chaque action militaire est guidée par la nécessité de contrôler ces zones clés.Un conflit qui se joue également sur des nœuds géostratégiques. Flux logistiques et énergétiques, batailles urbaines, ou espaces immatériels comme le cyberespace, sont autant de points cruciaux qui influencent la planification et l’exécution des stratégies de chaque camp.À travers une analyse géostratégique inédite, cet ouvrage dévoile comment ces éléments géographiques et immatériels façonnent les stratégies militaires et orientent l’évolution du conflit.Une lecture essentielle pour comprendre les enjeux majeurs de cette guerre et ses conséquences pour l’avenir de l’Europe.
856 4 1 _uhttps://shs.cairn.info/ukraine--9782200641252?lang=fr&redirect-ssocas=7080
999 _c1568006
_d1568006